Faculty of Law Library — Cairo University

Official Online Catalog

سياسة الإستعمار والصهيونية تجاة فلسطين فى النصف الأول من القرن العشرين. (Record no. 49420)

MARC details
000 -LEADER
fixed length control field 01337nam a2200337 4500
003 - CONTROL NUMBER IDENTIFIER
control field EG-GICUC
005 - DATE AND TIME OF LATEST TRANSACTION
control field 20260121101446.0
008 - FIXED-LENGTH DATA ELEMENTS--GENERAL INFORMATION
fixed length control field 251209s1973 ua ||||fr|||| 001 0 ara d
017 ## - COPYRIGHT OR LEGAL DEPOSIT NUMBER
Copyright or legal deposit number 19735033
040 ## - CATALOGING SOURCE
Original cataloging agency EG-GICUC
Language of cataloging ara
Transcribing agency EG-GICUC
Modifying agency EG-GICUC
Description conventions rda
041 ## - LANGUAGE CODE
Language code of text/sound track or separate title ara
082 04 - DEWEY DECIMAL CLASSIFICATION NUMBER
Edition number 21
Classification number 341.6
Item number ح س . س
092 04 - LOCALLY ASSIGNED DEWEY CALL NUMBER (OCLC)
Edition number 21
099 ## - LOCAL FREE-TEXT CALL NUMBER (OCLC)
Classification number Law1 11 341.6 ح س . س 1973
100 0# - MAIN ENTRY--PERSONAL NAME
Personal name حسن صبرى الخولى
Relator term مؤلف.
245 10 - TITLE STATEMENT
Title سياسة الإستعمار والصهيونية تجاة فلسطين فى النصف الأول من القرن العشرين.
Number of part/section of a work المجلد الاول /
Statement of responsibility, etc. حسن صبرى الخولى.
246 ## - VARYING FORM OF TITLE
Title proper/short title =lmperlalist andzlonist policy
264 #1 - PRODUCTION, PUBLICATION, DISTRIBUTION, MANUFACTURE, AND COPYRIGHT NOTICE
Place of production, publication, distribution, manufacture القاهرة :
Name of producer, publisher, distributor, manufacturer دار المعارف،
Date of production, publication, distribution, manufacture, or copyright notice 1973.
300 ## - PHYSICAL DESCRIPTION
Extent 931 صفحة ؛
Dimensions 24 سم.
336 ## - CONTENT TYPE
Source rda content
Content type term text
337 ## - MEDIA TYPE
Source rda media
Media type term Computer
338 ## - CARRIER TYPE
Source rda carrier
Carrier type term Online Resource
500 ## - GENERAL NOTE
General note يشتمل على فهرس بالأعلام وغيرها (ص. 873-917).<br/>
504 ## - BIBLIOGRAPHY, ETC. NOTE
Bibliography, etc. note يحتوي على اراجاعات ببليوجرافية<br/>يحتوي على قائمة بالمراجع.
650 14 - SUBJECT ADDED ENTRY--TOPICAL TERM
Topical term or geographic name entry element القانون الحربى
Source of heading or term qrmak
650 14 - SUBJECT ADDED ENTRY--TOPICAL TERM
Topical term or geographic name entry element استعمار
651 1# - SUBJECT ADDED ENTRY--GEOGRAPHIC NAME
Source of heading or term qrmak
856 40 - ELECTRONIC LOCATION AND ACCESS
Uniform Resource Identifier <a href="https://fll.law.cu.edu.eg/fulltext/bks/B11-05417.pdf">https://fll.law.cu.edu.eg/fulltext/bks/B11-05417.pdf</a>
905 ## - Cataloger and Reviser Names
Cataloger Name: Rawan khaled
Revisor Name: Hassnaa
942 ## - ADDED ENTRY ELEMENTS (KOHA)
Source of classification or shelving scheme Dewey Decimal Classification
Suppress in OPAC No
Koha item type Books
Edition 21
Holdings
Withdrawn status Lost status Source of classification or shelving scheme Materials specified (bound volume or other part) Damaged status Not for loan Collection Home library Current library Date acquired Total checkouts Full call number Barcode Date last seen Copy number Price effective from Koha item type
    Dewey Decimal Classification V1   Not for loan القانون الدولي العام جــــامعة القــاهرة مكتبة كلية الحقوق - المبنى الرئيسي 09.12.2025   Law1 11 341.6 ح س . س 1973 1105417 V1, C1 B11-05417 09.12.2025 1 09.12.2025 Books

© All rights reserved — Faculty of Law, Cairo University